00426nam a2200133 a 450000100100000000500170001000800410002704000250006810000300009324500520012326000470017530000280022250000420025000003769520201002031113.0121115s19uu dr a 000 0 spa d aDO-SdBNPbspacBNPHU1 aGuerien Batiste, Gilberto13aEl joven del Batey /cGilberto Guerien Batiste. a[Santo Domingo]. :bImpresora Cañaveral. a150 p. :bil. ;c21 cm. aIncluye datos biográficos del autor